=LDR 00000nam 2200000 4500 =001 NUTBA000000000001720 =005 20140513113735.0 =006 =007 =008 =020 ##$$a 978-602-8661-38-6 =035 ##$$a 0010-051400000000185 =082 ##$$a 616.18 =090 ##$$a 616.18 Rud s =100 ##$$a Rudd. Anthony $q Dr. =245 ##$$a Stroke, 252 Jawaban Praktis Atas Pertanyaan Yang Real =250 ##$$a Cet.1 =260 ##$$a Jakarta $b Penebar plus $c 2010 =300 ##$$a 244 hlm $c 23 cm. =850 ##$$a NBPNMAT =990 ##$$a 21197013/BPAP-NTB/2014